<?xml version="1.0" encoding="UTF-8"?>
<record
    xmlns:xsi="http://www.w3.org/2001/XMLSchema-instance"
    xsi:schemaLocation="http://www.loc.gov/MARC21/slim http://www.loc.gov/standards/marcxml/schema/MARC21slim.xsd"
    xmlns="http://www.loc.gov/MARC21/slim">

  <leader>     nas a22     7a 4500</leader>
  <datafield tag="999" ind1=" " ind2=" ">
    <subfield code="c">138716</subfield>
    <subfield code="d">138714</subfield>
  </datafield>
  <controlfield tag="005">20180228140929.0</controlfield>
  <controlfield tag="008">180228s20039999mx f||p| |||| 00| b1spa d</controlfield>
  <datafield tag="050" ind1="0" ind2="4">
    <subfield code="a">JV7400.A1</subfield>
    <subfield code="b">M54 2003</subfield>
  </datafield>
  <datafield tag="130" ind1="0" ind2="0">
    <subfield code="a">Migraci&#xF3;n y desarrollo (en l&#xED;nea)</subfield>
  </datafield>
  <datafield tag="245" ind1="1" ind2="0">
    <subfield code="a">Migraci&#xF3;n y desarrollo (M&#xE9;xico)</subfield>
  </datafield>
  <datafield tag="260" ind1=" " ind2=" ">
    <subfield code="a">Zacatecas, Zac. : </subfield>
    <subfield code="b">Red Internacional de Migraci&#xF3;n y Desarrollo,</subfield>
    <subfield code="c">2003-</subfield>
  </datafield>
  <datafield tag="310" ind1=" " ind2=" ">
    <subfield code="a">Dos veces al a&#xF1;o</subfield>
  </datafield>
  <datafield tag="362" ind1="0" ind2=" ">
    <subfield code="a">A&#xF1;o 1 N&#xFA;m. 1 (Octubre, 2003)</subfield>
  </datafield>
  <datafield tag="362" ind1="1" ind2=" ">
    <subfield code="a">Empez&#xF3; en 2003</subfield>
  </datafield>
  <datafield tag="500" ind1=" " ind2=" ">
    <subfield code="a">T&#xED;tulo tomado de la cubierta</subfield>
  </datafield>
  <datafield tag="530" ind1=" " ind2=" ">
    <subfield code="a">Tambi&#xE9;n se edita en l&#xED;nea</subfield>
  </datafield>
  <datafield tag="555" ind1=" " ind2=" ">
    <subfield code="a">A&#xF1;o 1 N&#xFA;m. 1 (octubre, 2003)</subfield>
  </datafield>
  <datafield tag="588" ind1=" " ind2=" ">
    <subfield code="a">Descripci&#xF3;n basada en A&#xF1;o 1 N&#xFA;m. 11 (Octubre, 2003)-</subfield>
  </datafield>
  <datafield tag="650" ind1="0" ind2="4">
    <subfield code="a">Emigraci&#xF3;n e inmigraci&#xF3;n</subfield>
  </datafield>
  <datafield tag="776" ind1=" " ind2=" ">
    <subfield code="t">Letras libres (En l&#xED;nea)</subfield>
  </datafield>
  <datafield tag="942" ind1=" " ind2=" ">
    <subfield code="2">lcc</subfield>
    <subfield code="c">REV</subfield>
  </datafield>
  <datafield tag="952" ind1=" " ind2=" ">
    <subfield code="1">0</subfield>
    <subfield code="2">lcc</subfield>
    <subfield code="4">0</subfield>
    <subfield code="7">1</subfield>
    <subfield code="a">LIC-047</subfield>
    <subfield code="b">LIC-047</subfield>
    <subfield code="c">CONSULTA</subfield>
    <subfield code="d">2018-02-28</subfield>
    <subfield code="f">1a. ed.</subfield>
    <subfield code="h">N:1</subfield>
    <subfield code="k">CS</subfield>
    <subfield code="o">JV7400.A1 M54 2003</subfield>
    <subfield code="p">RBFP000000321</subfield>
    <subfield code="r">2018-02-28 00:00:00</subfield>
    <subfield code="t">1</subfield>
    <subfield code="y">REV</subfield>
  </datafield>
  <datafield tag="952" ind1=" " ind2=" ">
    <subfield code="1">0</subfield>
    <subfield code="2">lcc</subfield>
    <subfield code="4">0</subfield>
    <subfield code="7">1</subfield>
    <subfield code="a">LIC-047</subfield>
    <subfield code="b">LIC-047</subfield>
    <subfield code="c">CONSULTA</subfield>
    <subfield code="d">2018-03-01</subfield>
    <subfield code="f">1a. ed.</subfield>
    <subfield code="h">N:2</subfield>
    <subfield code="k">CS</subfield>
    <subfield code="o">JV7400.A1 M54 2004</subfield>
    <subfield code="p">RBFP000000322</subfield>
    <subfield code="r">2018-03-01 00:00:00</subfield>
    <subfield code="t">1</subfield>
    <subfield code="y">REV</subfield>
  </datafield>
  <datafield tag="952" ind1=" " ind2=" ">
    <subfield code="1">0</subfield>
    <subfield code="2">lcc</subfield>
    <subfield code="4">0</subfield>
    <subfield code="7">1</subfield>
    <subfield code="a">LIC-047</subfield>
    <subfield code="b">LIC-047</subfield>
    <subfield code="c">CONSULTA</subfield>
    <subfield code="d">2018-03-01</subfield>
    <subfield code="f">1a. ed.</subfield>
    <subfield code="h">N:3</subfield>
    <subfield code="k">CS</subfield>
    <subfield code="o">JV7400.A1 M54 2004</subfield>
    <subfield code="p">RBFP000000323</subfield>
    <subfield code="r">2018-03-01 00:00:00</subfield>
    <subfield code="t">1</subfield>
    <subfield code="y">REV</subfield>
  </datafield>
  <datafield tag="952" ind1=" " ind2=" ">
    <subfield code="1">0</subfield>
    <subfield code="2">lcc</subfield>
    <subfield code="4">0</subfield>
    <subfield code="7">1</subfield>
    <subfield code="a">LIC-047</subfield>
    <subfield code="b">LIC-047</subfield>
    <subfield code="c">CONSULTA</subfield>
    <subfield code="d">2018-03-01</subfield>
    <subfield code="f">1a. ed.</subfield>
    <subfield code="h">N:4</subfield>
    <subfield code="k">CS</subfield>
    <subfield code="o">JV7400.A1 M54 2005</subfield>
    <subfield code="p">RBFP000000324</subfield>
    <subfield code="r">2018-03-01 00:00:00</subfield>
    <subfield code="t">1</subfield>
    <subfield code="y">REV</subfield>
  </datafield>
  <datafield tag="952" ind1=" " ind2=" ">
    <subfield code="1">0</subfield>
    <subfield code="2">lcc</subfield>
    <subfield code="4">0</subfield>
    <subfield code="7">1</subfield>
    <subfield code="a">LIC-047</subfield>
    <subfield code="b">LIC-047</subfield>
    <subfield code="c">CONSULTA</subfield>
    <subfield code="d">2018-03-01</subfield>
    <subfield code="f">1a. ed.</subfield>
    <subfield code="h">N:5</subfield>
    <subfield code="k">CS</subfield>
    <subfield code="o">JV7400.A1 M54 2005</subfield>
    <subfield code="p">RBFP000000325</subfield>
    <subfield code="r">2018-03-01 00:00:00</subfield>
    <subfield code="t">1</subfield>
    <subfield code="y">REV</subfield>
  </datafield>
  <datafield tag="952" ind1=" " ind2=" ">
    <subfield code="1">0</subfield>
    <subfield code="2">lcc</subfield>
    <subfield code="4">0</subfield>
    <subfield code="7">1</subfield>
    <subfield code="a">LIC-047</subfield>
    <subfield code="b">LIC-047</subfield>
    <subfield code="c">CONSULTA</subfield>
    <subfield code="d">2018-03-01</subfield>
    <subfield code="f">1a. ed.</subfield>
    <subfield code="h">N:6</subfield>
    <subfield code="k">CS</subfield>
    <subfield code="o">JV7400.A1 M54 2006</subfield>
    <subfield code="p">RBFP000000326</subfield>
    <subfield code="r">2018-03-01 00:00:00</subfield>
    <subfield code="t">1</subfield>
    <subfield code="y">REV</subfield>
  </datafield>
  <datafield tag="952" ind1=" " ind2=" ">
    <subfield code="1">0</subfield>
    <subfield code="2">lcc</subfield>
    <subfield code="4">0</subfield>
    <subfield code="7">1</subfield>
    <subfield code="a">LIC-047</subfield>
    <subfield code="b">LIC-047</subfield>
    <subfield code="c">CONSULTA</subfield>
    <subfield code="d">2018-03-01</subfield>
    <subfield code="f">1a. ed.</subfield>
    <subfield code="h">N:7</subfield>
    <subfield code="k">CS</subfield>
    <subfield code="o">JV7400.A1 M54 2006</subfield>
    <subfield code="p">RBFP000000327</subfield>
    <subfield code="r">2018-03-01 00:00:00</subfield>
    <subfield code="t">1</subfield>
    <subfield code="y">REV</subfield>
  </datafield>
  <datafield tag="952" ind1=" " ind2=" ">
    <subfield code="1">0</subfield>
    <subfield code="2">lcc</subfield>
    <subfield code="4">0</subfield>
    <subfield code="7">1</subfield>
    <subfield code="a">LIC-047</subfield>
    <subfield code="b">LIC-047</subfield>
    <subfield code="c">CONSULTA</subfield>
    <subfield code="d">2018-03-01</subfield>
    <subfield code="f">1a. ed.</subfield>
    <subfield code="h">N:8</subfield>
    <subfield code="k">CS</subfield>
    <subfield code="o">JV7400.A1 M54 2007</subfield>
    <subfield code="p">RBFP000000328</subfield>
    <subfield code="r">2018-03-01 00:00:00</subfield>
    <subfield code="t">1</subfield>
    <subfield code="y">REV</subfield>
  </datafield>
  <datafield tag="952" ind1=" " ind2=" ">
    <subfield code="1">0</subfield>
    <subfield code="2">lcc</subfield>
    <subfield code="4">0</subfield>
    <subfield code="7">1</subfield>
    <subfield code="a">LIC-047</subfield>
    <subfield code="b">LIC-047</subfield>
    <subfield code="c">CONSULTA</subfield>
    <subfield code="d">2018-03-01</subfield>
    <subfield code="f">1a. ed.</subfield>
    <subfield code="h">N:9</subfield>
    <subfield code="k">CS</subfield>
    <subfield code="o">JV7400.A1 M54 2007</subfield>
    <subfield code="p">RBFP000000329</subfield>
    <subfield code="r">2018-03-01 00:00:00</subfield>
    <subfield code="t">1</subfield>
    <subfield code="y">REV</subfield>
  </datafield>
  <datafield tag="952" ind1=" " ind2=" ">
    <subfield code="1">0</subfield>
    <subfield code="2">lcc</subfield>
    <subfield code="4">0</subfield>
    <subfield code="7">1</subfield>
    <subfield code="a">LIC-047</subfield>
    <subfield code="b">LIC-047</subfield>
    <subfield code="c">CONSULTA</subfield>
    <subfield code="d">2018-03-01</subfield>
    <subfield code="f">1a. ed.</subfield>
    <subfield code="h">N:10</subfield>
    <subfield code="k">CS</subfield>
    <subfield code="o">JV7400.A1 M54 2008</subfield>
    <subfield code="p">RBFP000000330</subfield>
    <subfield code="r">2018-03-01 00:00:00</subfield>
    <subfield code="t">1</subfield>
    <subfield code="y">REV</subfield>
  </datafield>
  <datafield tag="952" ind1=" " ind2=" ">
    <subfield code="1">0</subfield>
    <subfield code="2">lcc</subfield>
    <subfield code="4">0</subfield>
    <subfield code="7">1</subfield>
    <subfield code="a">LIC-047</subfield>
    <subfield code="b">LIC-047</subfield>
    <subfield code="c">CONSULTA</subfield>
    <subfield code="d">2018-03-01</subfield>
    <subfield code="f">1a. ed.</subfield>
    <subfield code="h">N:11</subfield>
    <subfield code="k">CS</subfield>
    <subfield code="o">JV7400.A1 M54 2008</subfield>
    <subfield code="p">RBFP000000331</subfield>
    <subfield code="r">2018-03-01 00:00:00</subfield>
    <subfield code="t">1</subfield>
    <subfield code="y">REV</subfield>
  </datafield>
  <datafield tag="952" ind1=" " ind2=" ">
    <subfield code="1">0</subfield>
    <subfield code="2">lcc</subfield>
    <subfield code="4">0</subfield>
    <subfield code="7">1</subfield>
    <subfield code="a">LIC-047</subfield>
    <subfield code="b">LIC-047</subfield>
    <subfield code="c">CONSULTA</subfield>
    <subfield code="d">2018-03-01</subfield>
    <subfield code="f">1a. ed.</subfield>
    <subfield code="h">N:12</subfield>
    <subfield code="k">CS</subfield>
    <subfield code="o">JV7400.A1 M54 2009</subfield>
    <subfield code="p">RBFP000000332</subfield>
    <subfield code="r">2018-03-01 00:00:00</subfield>
    <subfield code="t">1</subfield>
    <subfield code="y">REV</subfield>
  </datafield>
  <datafield tag="952" ind1=" " ind2=" ">
    <subfield code="1">0</subfield>
    <subfield code="2">lcc</subfield>
    <subfield code="4">0</subfield>
    <subfield code="7">1</subfield>
    <subfield code="a">LIC-047</subfield>
    <subfield code="b">LIC-047</subfield>
    <subfield code="c">CONSULTA</subfield>
    <subfield code="d">2018-03-01</subfield>
    <subfield code="f">1a. ed.</subfield>
    <subfield code="h">N:13</subfield>
    <subfield code="k">CS</subfield>
    <subfield code="o">JV7400.A1 M54 2009</subfield>
    <subfield code="p">RBFP000000333</subfield>
    <subfield code="r">2018-03-01 00:00:00</subfield>
    <subfield code="t">1</subfield>
    <subfield code="y">REV</subfield>
  </datafield>
  <datafield tag="952" ind1=" " ind2=" ">
    <subfield code="1">0</subfield>
    <subfield code="2">lcc</subfield>
    <subfield code="4">0</subfield>
    <subfield code="7">1</subfield>
    <subfield code="a">LIC-047</subfield>
    <subfield code="b">LIC-047</subfield>
    <subfield code="c">CONSULTA</subfield>
    <subfield code="d">2018-03-01</subfield>
    <subfield code="f">1a. ed.</subfield>
    <subfield code="h">N:14</subfield>
    <subfield code="k">CS</subfield>
    <subfield code="o">JV7400.A1 M54 2010</subfield>
    <subfield code="p">RBFP000000334</subfield>
    <subfield code="r">2018-03-01 00:00:00</subfield>
    <subfield code="t">1</subfield>
    <subfield code="y">REV</subfield>
  </datafield>
</record>
